Czy wiesz do jakiej wytwórni należy ten raper? - Mainstream - Statystyki

Ogólne statystyki
  • Ten quiz został rozwiązany 4 595 razy
  • Średni wynik to 8 z 15
Statystyki odpowiedzi
Wykonawca Wytwórnia % Poprawnych
Quebonafide QueQuality
96%
White 2115 SBM Label
81%
Bedoes SBM Label
80%
Białas SBM Label
77%
Solar SBM Label
74%
Paluch BORCREW
64%
Szpaku BORCREW
60%
PlanBe QueQuality
58%
Otsochodzi Asfalt Records
56%
Siles QueQuality
38%
Sokół ProstoTV
34%
VBS QueQuality
31%
Sulin Step Records
30%
Deys Hashashins
24%
schafter Kstyk
15%
Nie znaleziono quizów pasujących do podanych kryteriów
Rozkład punktacji
Procent ludzi z każdym wynikiem
Percentyl według liczby udzielonych odpowiedzi
Twoja historia wyników
Nie rozwiązałeś tego quizu